Statistics for Counter-Strike global offensive Price quiz

Click here to take the quiz!

General Stats

  • This quiz has been taken 20 times
  • The average score is 27 of 50

Answer Stats

WeaponAnswer% Correct
P200/USP-S$200
100%
P250$300
100%
FiveSeven$500
100%
Desert eagle$700
100%
Glock-18$200
89%
Dual Berettas$400
89%
CZ75-auto$500
89%
Kevlar + Helmet$1000
67%
Mac-10$1050
67%
Flashbang$200
67%
AK-47$2700
67%
HE Grenade$300
67%
Smoke$300
67%
M4A4$3100
67%
Molotov$400
67%
AWP$4750
67%
Decoy$50
67%
SCAR-20$5000
67%
R8 Revolver$600
67%
Nova$1050
56%
MP9$1250
56%
MP7$1500
56%
MP5$1500
56%
SSG 08$1700
56%
Zeus x27$200
56%
AUG$3300
56%
Tec-9$400
56%
Defuse kit/ Rescue kit$400
56%
Incendiary Grenade$600
56%
Kevlar Vest$650
56%
UMP-45$1200
44%
PP-Bizon$1400
44%
Negev$1700
44%
Galil AR$2000
44%
G3SG1$5000
44%
M249$5200
44%
Sawed-off$1100
33%
MAG-7$1300
33%
XM1014$2000
33%
P90$2350
33%
Mobility Package (Danger Zone)$1000
22%
Drone Upgrade 1 (Danger Zone)$1000
22%
Drone Pilot Upgrade (Danger Zone)$1000
22%
Drone Upgrade 2 (Danger Zone)$1750
22%
Knife (Danger Zone)$200
22%
Famas$2250
22%
SG 553$2750
22%
M4A1-S$3100
22%
Ballistic Shield (Danger Zone)$500
22%
Drone Upgrade 3 (Danger Zone)$4250
11%

Score Distribution

Percentile by Number Answered

Percent of People with Each Score

Your Score History

You have not taken this quiz